| 000 | 00000nam##2200000za#4500 |
| 001 | 9.574645 |
| 003 | CaOODSP |
| 005 | 20210624184302 |
| 007 | cr ||||||||||| |
| 008 | 150406|2009||||xxc|||||o f|0| 0 eng|d |
| 040 | |aCaOODSP|beng |
| 043 | |an-cn--- |
| 086 | 1 |aTU3-7/09-0031E-PDF |
| 110 | 2 |aTransportation Safety Board of Canada. |
| 245 | 10|aTaking on water and sinking - small fishing vessel Sea Gypsy Enterprises, 67 nm east of Cape Spear, Newfoundland and Labrador 12 September 2009 |h[electronic resource] |
| 260 | |aOttawa - Ontario : |bTransportation Safety Board of Canada |c[2010]. |
| 300 | |a12p.|bfigs., photographs |
| 490 | 1 |aMarine investigation report |vM09N0031 |
| 590 | |a12-32-Supp|b2012-07-11 |
| 775 | 08|tEnvahissement et naufrage du petit bateau de pêche Sea Gypsy Enterprises à 67 nm à l'est de Cape Spear (Terre-Neuve-et-Labrador) le 12 septembre 2009 |w(CaOODSP)9.604380 |
| 830 | #0|aMarine investigation report ;|vM09N0031|w(CaOODSP)9.504867 |
| 856 | 40|ahttp://publications.gc.ca|qPDF|s1138 KB|uhttps://publications.gc.ca/collections/collection_2012/bst-tsb/TU3-7-09-0031-eng.pdf|yM09N0031 |